[Event "British Chess Championships 2023: British Championship"]
[Site "The Venue, De Montfort University, 20 Western Boulevard, Leicester, LE2 7BU"]
[Date "2023.07.22"]
[Round "1"]
[Board "2"]
[White "Mitra, Roman C"]
[Black "Pert, Nicholas"]
[Result "0-1"]
[WhiteElo "2171"]
[BlackElo "2536"]
[PlyCount "0"]
[EventDate "2023.07.22"]
[EventRounds "9"]
[EventCountry "ENG"]

1. c4 Nf6 2. g3 c6 3. Nf3 d5 4. Bg2 Bf5 5. cxd5 cxd5 6. Qb3 Nc6 7. Qxb7 Bd7 8. Qb3
e5 9. O-O Rb8 10. Qd1 e4 11. Ne1 h5 12. d3 h4 13. Nc3 hxg3 14. hxg3 e3 15. Bxe3 d4
16. Bf4 dxc3 17. bxc3 Rc8 18. e4 Qa5 19. d4 Qxc3 20. d5 Nd4 21. Rc1 Qb2 22. Rxc8+
Bxc8 23. Bd2 Ba6  0-1

[Event "British Chess Championships 2023: British Championship"]
[Site "The Venue, De Montfort University, 20 Western Boulevard, Leicester, LE2 7BU"]
[Date "2023.07.22"]
[Round "1"]
[Board "3"]
[White "Fernandez, Daniel H"]
[Black "Ismail, Mohammed Aayan"]
[Result "1-0"]
[WhiteElo "2518"]
[BlackElo "2169"]
[PlyCount "0"]
[EventDate "2023.07.22"]
[EventRounds "9"]
[EventCountry "ENG"]

1. Nf3 d5 2. d4 Nf6 3. c3 Bf5 4. Qb3 Qc8 5. Bg5 c6 6. Bxf6 exf6 7. c4 dxc4 8. Qxc4
Bd6 9. g3 O-O 10. Bg2 Nd7 11. O-O Nb6 12. Qb3 Re8 13. Nc3 Bh3 14. Rac1 Bxg2 15. Kxg2
Qe6 16. Qxe6 Rxe6 17. e3 Rd8 18. Rfd1 Ree8 19. g4 Bf8 20. Rd3 Rd7 21. h3 Nc4 22.
Rc2 Ne5 23. Rd1 Ng6 24. a3 Be7 25. b4 Nf8 26. Ne1 Ne6 27. Nd3 Bf8 28. Na4 h5 29.
Nac5 Bxc5 30. Nxc5 Nxc5 31. bxc5 hxg4 32. hxg4 g5 33. Rb2 Kg7 34. Rdb1 Ree7 35. Rh1
f5 36. gxf5 Kf6 37. Rh8 Kxf5 38. Kf3 f6 39. Rb1 Rh7 40. Rh1 Rxh1 41. Rxh1 Re7 42.
a4 a6 43. Rh8 g4+ 44. Ke2 Ke4 45. Rh4 Kf5 46. Kd3 Kg5 47. Rh8 Rf7 48. Rg8+ Kf5 49.
a5 Re7 50. Ke2 Rh7 51. Kf1 Re7 52. Kg1 Rd7 53. Kh2 Re7 54. Kg3 Rh7 55. Rxg4 Rh1 56.
Kf3 Rb1 57. Rg7 Rb2 58. Re7 Kg5 59. Ke4 Kg6 60. f3 Rb3 61. Kf4 Rb4 62. Rd7 Rb3 63.
e4 Rb5 64. Kg4 Rb1 65. Rd6 Rb5 66. e5 Rxa5 67. Rxf6+ Kg7 68. Kf5 Ra1 69. e6  1-0

[Event "British Chess Championships 2023: British Championship"]
[Site "The Venue, De Montfort University, 20 Western Boulevard, Leicester, LE2 7BU"]
[Date "2023.07.22"]
[Round "1"]
[Board "4"]
[White "Unnikrishnan, Midhun P"]
[Black "Gasanov, Eldar"]
[Result "0-1"]
[WhiteElo "2168"]
[BlackElo "2481"]
[PlyCount "0"]
[EventDate "2023.07.22"]
[EventRounds "9"]
[EventCountry "ENG"]

1. Nf3 d5 2. c4 d4 3. g3 c5 4. Bg2 Nc6 5. O-O e5 6. e4 Be7 7. d3 Be6 8. Na3 g5 9.
Ne1 h5 10. f4 g4 11. Nac2 Nf6 12. a3 a5 13. b3 Rb8 14. a4 h4 15. f5 Bd7 16. Bg5 hxg3
17. hxg3 Nh5 18. Bxe7 Qxe7 19. Qxg4 Kd8 20. Qh4 Qxh4 21. gxh4 Nf4 22. Kf2 Rxh4 23.
Rh1 Rxh1 24. Bxh1 Ra8 25. Rd1 Ra6 26. Bg2 Rb6 27. Na1 Nb4 28. Bf1 Rh6 29. Ng2 Nh3+
30. Kg3 Ke7 31. Rd2 Ng5 32. Nh4  0-1

[Event "British Chess Championships 2023: British Championship"]
[Site "The Venue, De Montfort University, 20 Western Boulevard, Leicester, LE2 7BU"]
[Date "2023.07.22"]
[Round "1"]
[Board "5"]
[White "Grieve, Harry"]
[Black "Boswell, Jacob Connor"]
[Result "1-0"]
[WhiteElo "2459"]
[BlackElo "2163"]
[PlyCount "0"]
[EventDate "2023.07.22"]
[EventRounds "9"]
[EventCountry "ENG"]

1. e4 e5 2. Nf3 Nc6 3. Bb5 a6 4. Ba4 Nf6 5. O-O Be7 6. Re1 b5 7. Bb3 O-O 8. c3 d6
9. h3 Re8 10. d4 Bb7 11. Nbd2 Bf8 12. d5 Na5 13. Bc2 c6 14. b4 Nc4 15. Nxc4 bxc4
16. dxc6 Bxc6 17. Bg5 h6 18. Bxf6 Qxf6 19. Ba4 Bxa4 20. Qxa4 Qe6 21. Rad1 Reb8 22.
Rd5 Qc8 23. Qd1 Rb5 24. a4 Rxd5 25. Qxd5 Ra7 26. Rb1 Rc7 27. Nh4 Qd7 28. Ra1 Kh7
29. Nf5 g6 30. Ne3 Qc8 31. b5 Kg7 32. b6 Rc5 33. Qd1 Qb7 34. Nd5 a5 35. Rb1 f5 36.
Nc7 Kf6 37. Ne8+ Ke6 38. exf5+ gxf5 39. Qh5 e4 40. Qg6+ Kd7 41. Nf6+ Kd8 42. Qe8#
 1-0

[Event "British Chess Championships 2023: British Championship"]
[Site "The Venue, De Montfort University, 20 Western Boulevard, Leicester, LE2 7BU"]
[Date "2023.07.22"]
[Round "1"]
[Board "6"]
[White "Stoica, Savas Marin"]
[Black "Hebden, Mark L"]
[Result "1/2-1/2"]
[WhiteElo "2156"]
[BlackElo "2436"]
[PlyCount "0"]
[EventDate "2023.07.22"]
[EventRounds "9"]
[EventCountry "ENG"]

1. d4 Nf6 2. c4 g6 3. Nc3 Bg7 4. e4 d6 5. Be2 O-O 6. Bg5 c6 7. Nf3 Na6 8. O-O h6
9. Be3 Ng4 10. Bc1 e5 11. d5 f5 12. g3 Nf6 13. exf5 Bxf5 14. Nh4 c5 15. Re1 Qd7 16.
Be3 e4 17. Nxf5 gxf5 18. a3 Nc7 19. Qd2 Kh7 20. b4 b6 21. Rab1 Nce8 22. bxc5 dxc5
23. a4 Nd6 24. a5 Ng4 25. Bxg4 fxg4 26. Qc2 Qf5 27. axb6 axb6 28. Nb5 Nxb5 29. Rxb5
Bd4 30. Bf4 Rf6 31. Rxe4 h5 32. Rb1 Kg6 33. Re2 Qxc2 34. Rxc2 h4 35. Re1 h3 36. d6
Rd8 37. Rce2 Bc3 38. Rc1 Rxf4 39. gxf4 Rxd6 40. Kf1 Bd4 41. Rce1 Kf5 42. Re8 Kxf4
43. R1e6 Rd7 44. R6e7 Rxe7 45. Rxe7 Kf3 46. Re6 Bb2 47. Re3+  1/2-1/2

[Event "British Chess Championships 2023: British Championship"]
[Site "The Venue, De Montfort University, 20 Western Boulevard, Leicester, LE2 7BU"]
[Date "2023.07.22"]
[Round "1"]
[Board "7"]
[White "Wadsworth, Matthew J"]
[Black "Villiers, Thomas"]
[Result "1-0"]
[WhiteElo "2431"]
[BlackElo "2140"]
[PlyCount "0"]
[EventDate "2023.07.22"]
[EventRounds "9"]
[EventCountry "ENG"]

1. Nf3 c5 2. g3 g6 3. Bg2 Bg7 4. c4 Nc6 5. Nc3 d6 6. O-O e5 7. a3 a5 8. d3 Nge7 9.
Ne1 Be6 10. Bg5 f6 11. Be3 O-O 12. Nc2 Qd7 13. Nd5 Ra6 14. b4 axb4 15. Nxe7+ Qxe7
16. axb4 Nxb4 17. Nxb4 cxb4 18. Qb3 Rfa8 19. Rxa6 Rxa6 20. Qxb4 Ra2 21. Bxb7 f5 22.
Qb3 Ra5 23. Bg2 Qc7 24. Rb1 Qd7 25. Qb8+ Bf8 26. Bh6 Qc8 27. Bd5 Rxd5 28. cxd5 Bxh6
29. dxe6 Qxb8 30. Rxb8+ Bf8 31. e7 Kg7 32. exf8=Q#  1-0

[Event "British Chess Championships 2023: British Championship"]
[Site "The Venue, De Montfort University, 20 Western Boulevard, Leicester, LE2 7BU"]
[Date "2023.07.22"]
[Round "1"]
[Board "8"]
[White "Mihalik, Agoston"]
[Black "Pert, Richard G"]
[Result "1/2-1/2"]
[WhiteElo "2136"]
[BlackElo "2421"]
[PlyCount "0"]
[EventDate "2023.07.22"]
[EventRounds "9"]
[EventCountry "ENG"]

1. e4 c6 2. d4 d5 3. e5 Bf5 4. Nd2 e6 5. Nb3 Nd7 6. Nf3 Ne7 7. a4 Ng6 8. Be2 f6 9.
exf6 Qxf6 10. O-O Bd6 11. Ne1 O-O 12. f4 Rac8 13. Be3 Be4 14. g3 Ne7 15. Nf3 Nf5
16. Bf2 Bxf3 17. Bxf3 g5 18. fxg5 Qxg5 19. Bg2 Rf7 20. Qd2 Qg6 21. Rae1 Rcf8 22.
Nc5 Nxc5 23. dxc5 Bc7 24. c4 h5 25. cxd5 exd5 26. Kh1 Kh7 27. Bh3 Bd8 28. Qe2 Nh6
29. Bd4 Nf5 30. Bxf5 Rxf5 31. Rxf5 Qxf5 32. Kg1 Bf6 33. Qd2 Bxd4+ 34. Qxd4 Rf7 35.
b4 a6 36. Qe3 Kg6 37. Kg2 Qc2+ 38. Re2 Qf5 39. Re1 Qc2+ 40. Re2  1/2-1/2

[Event "British Chess Championships 2023: British Championship"]
[Site "The Venue, De Montfort University, 20 Western Boulevard, Leicester, LE2 7BU"]
[Date "2023.07.22"]
[Round "1"]
[Board "9"]
[White "Willow, Jonah B"]
[Black "Ogunshola, Olugbemiga (Ben)"]
[Result "1-0"]
[WhiteElo "2421"]
[BlackElo "2116"]
[PlyCount "0"]
[EventDate "2023.07.22"]
[EventRounds "9"]
[EventCountry "ENG"]

1. e4 d6 2. d4 Nf6 3. Nc3 g6 4. Be3 c6 5. Qd2 b5 6. f3 e5 7. a3 a6 8. Nge2 Nbd7 9.
h4 h5 10. Ng1 Be7 11. Nh3 Nf8 12. Ng5 N6h7 13. Nxh7 Nxh7 14. Qf2 Rb8 15. O-O-O Qc7
16. Be2 Nf6 17. Rhg1 a5 18. Nb1 Be6 19. Bg5 b4 20. Qe3 Ba2 21. axb4 axb4 22. dxe5
dxe5 23. Nd2 Qa5 24. Nb3 Bxb3 25. Qxb3 O-O 26. Kd2 Qb6 27. Rgf1 Kg7 28. Bd3 Bc5 29.
Ke2 Bd4 30. Ra1 Qc5 31. Ra4 Nh7 32. Bd2 Qe7 33. Rxb4 Rxb4 34. Bxb4 Qxh4 35. c3 Ba7
36. Bxf8+ Nxf8 37. Qb7 Bc5 38. b4 Ne6 39. bxc5 Nf4+ 40. Kd2 Qg5 41. Bc4 Nd5+ 42.
Kc2 Ne3+ 43. Kd3 Nxc4 44. Kxc4 Qxg2 45. Ra1 Qxf3 46. Qxc6 h4 47. Qd5 Qe2+ 48. Qd3
Qg4 49. c6 h3 50. Rh1 Qc8 51. Qxh3 Qxc6+ 52. Kd3 Qb5+ 53. Kc2 Qe2+ 54. Kc1 Kf6 55.
Qf1+  1-0

[Event "British Chess Championships 2023: British Championship"]
[Site "The Venue, De Montfort University, 20 Western Boulevard, Leicester, LE2 7BU"]
[Date "2023.07.22"]
[Round "1"]
[Board "10"]
[White "Saunders, Aron"]
[Black "Han, Yichen"]
[Result "1/2-1/2"]
[WhiteElo "2113"]
[BlackElo "2413"]
[PlyCount "0"]
[EventDate "2023.07.22"]
[EventRounds "9"]
[EventCountry "ENG"]

1. e4 e5 2. Nf3 Nc6 3. Bc4 Nf6 4. d3 h6 5. O-O d6 6. c3 g5 7. Bb3 Bg7 8. Nbd2 a5
9. a4 O-O 10. h3 Ne7 11. Re1 Ng6 12. Nf1 Be6 13. d4 Qc8 14. Bxe6 Qxe6 15. Ng3 Rad8
16. Nf5 Ne7 17. Qc2 Rfe8 18. d5 Qd7 19. Nxe7+ Rxe7 20. c4 b6 21. Bd2 Nh5 22. Nh2
Rf8 23. Nf1 f5 24. exf5 Rxf5 25. g4 Rf3 26. Nh2 Rxh3 27. gxh5 Rxh5 28. Ra3 e4 29.
Bc3 e3 30. Rxe3 Rxe3 31. fxe3 Qh3 32. Bxg7 Qg3+ 33. Qg2 Qe1+ 34. Nf1 Kxg7 35. e4
Rh4 36. Re3 Qd1 37. Qf2 Rf4 38. Qe2 Qc1 39. Rc3 Qb1 40. e5 dxe5 41. Qxe5+ Kg6 42.
Qe2 Re4 43. Qc2 Qxc2 44. Rxc2 h5 45. b3 Rd4 46. Rd2 Rg4+ 47. Kf2 Rf4+ 48. Ke2 Rf6
49. Rd3 g4 50. Ng3 h4 51. Ne4 Rf4 52. Nf2 g3 53. Nh3 Rf6 54. Rf3 Rxf3 55. Kxf3 Kf5
56. Nf4 Ke5 57. Ne2 c6 58. dxc6 Kd6 59. Nd4 Kc7 60. Kg2 Kd6 61. Kh3 Kc7 62. c5 bxc5
63. Ne2 Kxc6 64. Kxh4 g2 65. Kg3 c4 66. Kxg2 cxb3 67. Nd4+ Kc5 68. Nxb3+  1/2-1/2

[Event "British Chess Championships 2023: British Championship"]
[Site "The Venue, De Montfort University, 20 Western Boulevard, Leicester, LE2 7BU"]
[Date "2023.07.22"]
[Round "1"]
[Board "11"]
[White "Jackson, James P"]
[Black "Payne, Matthew J"]
[Result "1/2-1/2"]
[WhiteElo "2390"]
[BlackElo "2104"]
[PlyCount "0"]
[EventDate "2023.07.22"]
[EventRounds "9"]
[EventCountry "ENG"]

1. e4 e6 2. d4 d5 3. Nc3 Nf6 4. e5 Nfd7 5. f4 c5 6. Nf3 Nc6 7. Be3 cxd4 8. Nxd4 Qb6
9. Qd2 Qxb2 10. Rb1 Qa3 11. Bb5 Nxd4 12. Bxd4 a6 13. Bxd7+ Bxd7 14. Rb3 Qe7 15. Rxb7
Qh4+ 16. g3 Qd8 17. Bb6 Qc8 18. Rc7 Qd8 19. Qd4 Ba3 20. Kd2 Rc8 21. Rc6 Qe7 22. Rxc8+
Bxc8 23. Rb1 O-O 24. Rb3 f6 25. Rxa3 Qxa3 26. Bc5 fxe5 27. fxe5 Qa5 28. Bxf8 Kxf8
29. Ke3 Bd7 30. Kd2 Be8 31. Kc1 Bg6 32. Kb2 Qc7 33. a3 Kg8 34. h4 Qb8+ 35. Kc1 Qf8
36. Kb2 Qb8+  1/2-1/2

[Event "British Chess Championships 2023: British Championship"]
[Site "The Venue, De Montfort University, 20 Western Boulevard, Leicester, LE2 7BU"]
[Date "2023.07.22"]
[Round "1"]
[Board "12"]
[White "Burrows, Martin P"]
[Black "Chopra, Tanmay"]
[Result "0-1"]
[WhiteElo "2101"]
[BlackElo "2377"]
[PlyCount "0"]
[EventDate "2023.07.22"]
[EventRounds "9"]
[EventCountry "ENG"]

1. e4 c5 2. Nf3 d6 3. d4 cxd4 4. Nxd4 Nf6 5. Nc3 a6 6. h3 e5 7. Nde2 h5 8. Bg5 Be6
9. Bxf6 Qxf6 10. Nd5 Qd8 11. Qd3 Nd7 12. O-O-O g6 13. Kb1 Nc5 14. Qf3 Bg7 15. Nec3
b5 16. Ne3 O-O 17. Rg1 Bf6 18. g4 h4 19. Nf5 Bg5 20. Rxd6 Qc7 21. Rd1 Rac8 22. Bd3
Nxd3 23. Qxd3 Bc4 24. Qd6 gxf5 25. gxf5 f6 26. Qxc7 Rxc7 27. Nd5 Bxd5 28. Rxd5 Rfc8
29. c3 b4 30. Rd3  0-1

[Event "British Chess Championships 2023: British Championship"]
[Site "The Venue, De Montfort University, 20 Western Boulevard, Leicester, LE2 7BU"]
[Date "2023.07.22"]
[Round "1"]
[Board "13"]
[White "Eggleston, David J"]
[Black "Kueh, Audrey"]
[Result "1/2-1/2"]
[WhiteElo "2358"]
[BlackElo "2096"]
[PlyCount "0"]
[EventDate "2023.07.22"]
[EventRounds "9"]
[EventCountry "ENG"]

1. e4 c6 2. d4 d5 3. exd5 cxd5 4. c4 Nf6 5. Nc3 Nc6 6. Bg5 dxc4 7. d5 Ne5 8. Qd4
h6 9. Bf4 Ng6 10. Bxc4 Nxf4 11. Qxf4 g5 12. Qd2 Bg7 13. Nge2 O-O 14. Rd1 Bd7 15.
O-O Rc8 16. Bb3 b5 17. a3 Qb6 18. Ng3 b4 19. axb4 Qxb4 20. Bc2 Rb8 21. Rb1 Rfd8 22.
Qe3 Bg4 23. h3 Bc8 24. Rfd1 Qb7 25. Qc5 Bf8 26. Nge4 Nxe4 27. Nxe4 Bf5 28. Qd4 Bg7
29. Qd2 e6 30. Nc3 Bxc2 31. Qxc2 exd5 32. Qf5 d4  1/2-1/2

[Event "British Chess Championships 2023: British Championship"]
[Site "The Venue, De Montfort University, 20 Western Boulevard, Leicester, LE2 7BU"]
[Date "2023.07.22"]
[Round "1"]
[Board "14"]
[White "Pollack, Oscar"]
[Black "Pigott, John C"]
[Result "1-0"]
[WhiteElo "2096"]
[BlackElo "2347"]
[PlyCount "0"]
[EventDate "2023.07.22"]
[EventRounds "9"]
[EventCountry "ENG"]

1. e4 c5 2. Nf3 d6 3. d4 cxd4 4. Nxd4 Nf6 5. f3 e5 6. Nb3 d5 7. Bg5 d4 8. c3 Nc6
9. cxd4 Bb4+ 10. Bd2 Nxe4 11. Bxb4 Qh4+ 12. g3 Nxg3 13. hxg3 Qxh1 14. Bc5 Bh3 15.
N1d2 b6 16. Ba3 Qg1 17. Qe2 Qxg3+ 18. Qf2 Qxf2+ 19. Kxf2 Bxf1 20. Rxf1 exd4 21. Ne4
Kd7 22. Nxd4 Nxd4 23. Rd1 Rad8 24. Rxd4+ Ke6 25. Nd6 Rd7 26. Re4+ Kd5 27. Nf5 Kc6
28. Nxg7 b5 29. Bb4 Rg8 30. Nf5 Rg5 31. Nd4+ Kb6 32. Nb3 Rf5 33. Bd2 Ka6 34. Be3
Rc7 35. Bd4 b4 36. Ke3 h5 37. Be5 Re7 38. f4 h4 39. Rxb4 f6 40. Nc5+ Ka5 41. Rb8
 1-0

[Event "British Chess Championships 2023: British Championship"]
[Site "The Venue, De Montfort University, 20 Western Boulevard, Leicester, LE2 7BU"]
[Date "2023.07.22"]
[Round "1"]
[Board "15"]
[White "Kanyamarala, Tarun"]
[Black "Chan, Sheng Liang Bernard"]
[Result "1-0"]
[WhiteElo "2344"]
[BlackElo "2078"]
[PlyCount "0"]
[EventDate "2023.07.22"]
[EventRounds "9"]
[EventCountry "ENG"]

1. Nf3 Nf6 2. g3 g6 3. b3 Bg7 4. Bb2 c5 5. c4 Nc6 6. Bg2 O-O 7. O-O d6 8. d4 cxd4
9. Nxd4 Bd7 10. Nc3 Qc8 11. Rc1 Bh3 12. Nd5 Re8 13. Nxc6 bxc6 14. Nxf6+ exf6 15.
e3 Bxg2 16. Kxg2 Qe6 17. Qf3 Rec8 18. Rfd1 a5 19. Rd3 Ra6 20. Rcd1 Rd8 21. Qf4 d5
22. e4 f5 23. exf5 gxf5 24. Qg5 f6 25. Qd2 a4 26. cxd5 cxd5 27. b4 Rad6 28. Bd4 R6d7
29. Re1 Qa6 30. Rf3 Rc7 31. Rxf5 Rc4 32. Re7 Rf8 33. Rxg7+ Kxg7 34. Qg5+  1-0

[Event "British Chess Championships 2023: British Championship"]
[Site "The Venue, De Montfort University, 20 Western Boulevard, Leicester, LE2 7BU"]
[Date "2023.07.22"]
[Round "1"]
[Board "16"]
[White "Shearsby, Jude"]
[Black "Kanyamarala, Trisha"]
[Result "0-1"]
[WhiteElo "2076"]
[BlackElo "2344"]
[PlyCount "0"]
[EventDate "2023.07.22"]
[EventRounds "9"]
[EventCountry "ENG"]

1. e4 c5 2. Nf3 d6 3. d4 cxd4 4. Nxd4 Nf6 5. Nc3 Nc6 6. Bg5 e6 7. Qd2 a6 8. O-O-O
Bd7 9. f4 Qc7 10. Nb3 b5 11. Bxf6 gxf6 12. a3 h5 13. Kb1 Rb8 14. Be2 b4 15. axb4
Nxb4 16. h3 h4 17. Rhg1 Rg8 18. f5 e5 19. Nd5 Nxd5 20. Qxd5 Rc8 21. Bxa6 Qxc2+ 22.
Ka1 Bc6 23. Qa5 Rb8 24. Qc7 Ra8 25. Na5 Rxg2 26. Rxg2 Qxd1+ 27. Ka2 Qa4+ 28. Kb1
Bxe4+  0-1

[Event "British Chess Championships 2023: British Championship"]
[Site "The Venue, De Montfort University, 20 Western Boulevard, Leicester, LE2 7BU"]
[Date "2023.07.22"]
[Round "1"]
[Board "17"]
[White "Derakhshani, Borna"]
[Black "Merriman, James"]
[Result "1-0"]
[WhiteElo "2341"]
[BlackElo "2067"]
[PlyCount "0"]
[EventDate "2023.07.22"]
[EventRounds "9"]
[EventCountry "ENG"]

1. e4 e6 2. d4 d5 3. Nc3 Nf6 4. e5 Nfd7 5. f4 c5 6. Nf3 Nc6 7. Be3 a6 8. a3 b5 9.
dxc5 Bxc5 10. Bxc5 Nxc5 11. b4 Nd7 12. Bd3 Qc7 13. Qd2 Nb6 14. O-O Nc4 15. Qe1 h6
16. Kh1 O-O 17. Ne2 f5 18. Ned4 Bd7 19. Nb3 a5 20. c3 Ra7 21. Nc5 Rfa8 22. Bxc4 bxc4
23. Rb1 axb4 24. axb4 Ra2 25. Qe3 Nd8 26. Nd4 Kf7 27. Qf3 Be8 28. g4 fxg4 29. Qxg4
Qe7 30. Rg1 Kg8 31. Ncxe6 Nxe6 32. Nxe6 Bh5 33. Qxg7+ Qxg7 34. Rxg7+ Kh8 35. Rg3
Rf2 36. Nd4 Raa2 37. f5 Rxh2+ 38. Kg1 Rh4 39. Rg2 Rxg2+ 40. Kxg2 Rg4+ 41. Kh3 Re4
42. b5 Re3+ 43. Kh4 Rxc3 44. Kxh5 Rh3+ 45. Kg6 Rd3 46. b6 Rxd4 47. b7 Rg4+ 48. Kf6
Rg8 49. b8=Q  1-0

[Event "British Chess Championships 2023: British Championship"]
[Site "The Venue, De Montfort University, 20 Western Boulevard, Leicester, LE2 7BU"]
[Date "2023.07.22"]
[Round "1"]
[Board "18"]
[White "Khoury, Theo"]
[Black "Balaji, Aaravamudhan"]
[Result "0-1"]
[WhiteElo "2066"]
[BlackElo "2334"]
[PlyCount "0"]
[EventDate "2023.07.22"]
[EventRounds "9"]
[EventCountry "ENG"]

1. e4 g6 2. d4 Bg7 3. Nf3 d6 4. c3 Nf6 5. Bd3 O-O 6. O-O Nc6 7. h3 e5 8. Re1 a6 9.
Be3 b6 10. Qc2 exd4 11. cxd4 Nb4 12. Qd2 Nxd3 13. Qxd3 d5 14. e5 Ne4 15. Nc3 Bf5
16. g4 Be6 17. Nxe4 dxe4 18. Qxe4 Bd5 19. Qf4 f6 20. e6 Bxe6 21. Rac1 Rc8 22. Bd2
Bxa2 23. Bb4 Rf7 24. Nd2 Bd5 25. Re3 Qd7 26. Rce1 g5 27. Qg3 Bf8 28. Bxf8 Rcxf8 29.
f4 Bc6 30. fxg5 Qxd4 31. g6 hxg6 32. Nf3 Bxf3 33. Qxf3 Qxb2 34. Re7 Qd4+ 35. Kh1
Kg7 36. g5 Rxe7 37. Rxe7+ Rf7 38. Qe2 Qd5+  0-1

[Event "British Chess Championships 2023: British Championship"]
[Site "The Venue, De Montfort University, 20 Western Boulevard, Leicester, LE2 7BU"]
[Date "2023.07.22"]
[Round "1"]
[Board "19"]
[White "Claridge-Hansen, William"]
[Black "Shaw, Peter"]
[Result "1/2-1/2"]
[WhiteElo "2332"]
[BlackElo "2066"]
[PlyCount "0"]
[EventDate "2023.07.22"]
[EventRounds "9"]
[EventCountry "ENG"]

1. c4 b6 2. Nc3 Bb7 3. e4 e6 4. Nge2 Nf6 5. d3 h5 6. Bg5 Be7 7. Qd2 c5 8. e5 Ng4
9. Bxe7 Qxe7 10. Nb5 Nxe5 11. Nc7+ Kf8 12. Nxa8 Bxa8 13. O-O-O Nbc6 14. h3 Nb4 15.
Nc3 Nec6 16. Kb1 Nd4 17. Rg1 Qf6 18. a3 Nbc6 19. Ne4 Qe5 20. f4 Qc7 21. Qf2 h4 22.
g4 hxg3 23. Rxg3 Nf5 24. Rg4 Ncd4 25. Bg2 Bc6 26. Rg1 Ba4 27. Rc1 Nb3 28. Rg1 Nbd4
29. Rc1 Nb3 30. Rg1  1/2-1/2

[Event "British Chess Championships 2023: British Championship"]
[Site "The Venue, De Montfort University, 20 Western Boulevard, Leicester, LE2 7BU"]
[Date "2023.07.22"]
[Round "1"]
[Board "20"]
[White "Starley, Robert"]
[Black "Dong, Bao Nghia"]
[Result "0-1"]
[WhiteElo "2064"]
[BlackElo "2327"]
[PlyCount "0"]
[EventDate "2023.07.22"]
[EventRounds "9"]
[EventCountry "ENG"]

1. e4 e5 2. Nf3 Nc6 3. Bb5 a6 4. Ba4 Nf6 5. O-O Be7 6. Re1 b5 7. Bb3 d6 8. c3 Na5
9. Bc2 c5 10. h3 O-O 11. d4 Qc7 12. Nbd2 cxd4 13. cxd4 Nc6 14. Nf1 a5 15. Be3 Nb4
16. Bb1 Bd7 17. a3 Na6 18. Ng3 Rfc8 19. Ba2 exd4 20. Nxd4 Nc5 21. Ndf5 Bf8 22. Rc1
Be6 23. Bb1 Qd7 24. Qf3 d5 25. e5 Nfe4 26. b4 axb4 27. axb4 Nxg3 28. Nxg3 d4 29.
bxc5 dxe3 30. Qxe3 b4 31. Qe4 g6 32. Qxb4 Ra4 33. Qb6 Qd4 34. Ne4 Rb4 35. Qa5 Rb2
36. Qc3 Bxc5 37. Qf3 Bb6 38. Rxc8+ Bxc8 39. Rc1 Bf5 40. Nf6+ Kg7 41. Qa8 Qxf2+ 42.
Kh1 Bc8 43. Be4 Re2 44. Qa1 Bxh3 45. Qa8 Bxg2+ 46. Bxg2 Qh4+ 47. Bh3 Qxh3#  0-1

[Event "British Chess Championships 2023: British Championship"]
[Site "The Venue, De Montfort University, 20 Western Boulevard, Leicester, LE2 7BU"]
[Date "2023.07.22"]
[Round "1"]
[Board "21"]
[White "Bates, Richard A"]
[Black "Dignam, Matthew P"]
[Result "1-0"]
[WhiteElo "2324"]
[BlackElo "2055"]
[PlyCount "0"]
[EventDate "2023.07.22"]
[EventRounds "9"]
[EventCountry "ENG"]

1. d4 Nf6 2. Nf3 g6 3. g3 Bg7 4. c4 O-O 5. Bg2 d6 6. O-O c5 7. dxc5 dxc5 8. Ne5 Qd4
9. Qxd4 cxd4 10. e3 dxe3 11. Bxe3 Ne8 12. f4 Nd7 13. Nd3 Nd6 14. Na3 e5 15. fxe5
Nxe5 16. Nxe5 Bxe5 17. Bf4 Bd4+ 18. Kh1 Nf5 19. Nb5 Bxb2 20. Rab1 Bg7 21. Nc7 Rb8
22. Na6 Ra8 23. Nc7 Rb8 24. c5 Bd7 25. Rxb7 Rxb7 26. Bxb7 Nd4 27. Bd6 Rb8 28. Bd5
Bc6 29. Rd1 Rb2 30. Rxd4 Bxd4 31. Bxc6 Rc2 32. Na6 Rxa2 33. Bb7 Rb2 34. c6 Bb6 35.
Bc5 Ba5 36. Bxa7 f5 37. c7 Bxc7 38. Bd5+ Kf8 39. Nxc7 h5 40. Bc5+  1-0

[Event "British Chess Championships 2023: British Championship"]
[Site "The Venue, De Montfort University, 20 Western Boulevard, Leicester, LE2 7BU"]
[Date "2023.07.22"]
[Round "1"]
[Board "22"]
[White "Smith, Olivia"]
[Black "Ashton, Adam G"]
[Result "0-1"]
[WhiteElo "2042"]
[BlackElo "2314"]
[PlyCount "0"]
[EventDate "2023.07.22"]
[EventRounds "9"]
[EventCountry "ENG"]

1. e4 c5 2. Nf3 e6 3. d4 cxd4 4. Nxd4 a6 5. Nc3 Qc7 6. a3 b5 7. Be2 Bb7 8. O-O Nf6
9. Bf3 Nc6 10. Nxc6 dxc6 11. Qe2 e5 12. Bg5 Be7 13. Nd1 h6 14. Bxf6 Bxf6 15. Ne3
O-O 16. Rfd1 Rfd8 17. Rxd8+ Rxd8 18. Rd1 g6 19. h3 Bg5 20. Rd3 Rxd3 21. Qxd3 h5 22.
Nd1 Bc8 23. Nc3 Kg7 24. Qd1 Be6 25. Ne2 a5 26. Nc1 Be7 27. Be2 Bc5 28. Nd3 Bb6 29.
Qd2 Qd6 30. Qg5 f6 31. Qg3 Kf7 32. b4 Qd4 33. bxa5 Bxa5 34. Qe3 Qxe3 35. fxe3 Ke7
36. Kf2 Bc3 37. g4 h4 38. Nc5 Bc8 39. Bf1 Kd6 40. Nd3 Be6 41. Ke2 Bc4 42. Kf2 Kc7
43. Be2 g5 44. Bf1 Kb6 45. Be2 Be6 46. Bf1 Ka5 47. Ke2 Bc8 48. Nb4 Bxb4 49. axb4+
Kxb4 50. Kd2 Be6 51. Be2 Bc4 52. c3+ Kb3 53. Bd3 Bxd3 54. Kxd3 c5  0-1

[Event "British Chess Championships 2023: British Championship"]
[Site "The Venue, De Montfort University, 20 Western Boulevard, Leicester, LE2 7BU"]
[Date "2023.07.22"]
[Round "1"]
[Board "23"]
[White "Ledger, Andrew J"]
[Black "Pert, Nina P"]
[Result "1-0"]
[WhiteElo "2299"]
[BlackElo "2021"]
[PlyCount "0"]
[EventDate "2023.07.22"]
[EventRounds "9"]
[EventCountry "ENG"]

1. Nf3 d5 2. g3 Nf6 3. Bg2 e6 4. O-O Be7 5. c4 O-O 6. b3 Re8 7. Bb2 Nbd7 8. d3 Nf8
9. Nbd2 a5 10. a3 h6 11. e4 dxe4 12. dxe4 Bc5 13. e5 N6d7 14. Ne4 Be7 15. Qc2 Nc5
16. Rfd1 Bd7 17. Nfd2 Qc8 18. Nxc5 Bxc5 19. Ne4 Be7 20. Qd2 Rd8 21. Nf6+ Kh8 22.
Nxd7 Nxd7 23. Qe3 Rb8 24. Bc3 Bc5 25. Qf4 Rf8 26. b4 axb4 27. axb4 Be7 28. Qe4 Nb6
29. Bf1 Rd8 30. Bd3 g6 31. h4 Rg8 32. h5 Qf8 33. Rab1 Qg7 34. hxg6 fxg6 35. Kg2 Qf7
36. Rh1 Kg7 37. Bd2 Rh8 38. Qe3 h5 39. Ra1 Rh7 40. Qe4 Rf8 41. f4 c6 42. g4 Rd8 43.
Be3 Nc8 44. gxh5 Rxh5 45. Rxh5 gxh5 46. Kf3 Rh8 47. Rg1+ Kf8 48. Qd4 Qe8 49. f5 Bxb4
50. c5 Ba5 51. Rg6 exf5 52. Rf6+ Kg7 53. Qf4 Rh7 54. Qxf5  1-0